Analýza konsolidovanej účtovnej závierky zostavenej podľa IAS/IFRS z pohľadu investora dizertačná práca

Salvato in:
Dettagli Bibliografici
Autore principale: Sapara, Ján
Ente Autore: Fakulta hospodárskej informatiky EU. Katedra účtovníctva
Altri autori: Hvoždarová, Jana
Natura: Libro
Lingua:slovacco
Pubblicazione: Bratislava 2004
Soggetti:
Tags: Aggiungi Tag
Nessun Tag, puoi essere il primo ad aggiungerne!!

MARC

LEADER 00000nam$a2200000$$$4500
001 0036757
005 20240104093529.1
041 0 |a slo 
044 |a SK 
245 1 0 |a Analýza konsolidovanej účtovnej závierky zostavenej podľa IAS/IFRS z pohľadu investora  |b dizertačná práca  |c Ján Sapara ; školiteľ: Jana Hvoždarová 
264 1 |a Bratislava  |c 2004 
300 |a 162 s. 
610 2 0 |a závierka účtovná konsolidovaná 
610 2 0 |a IFRS 
610 2 0 |a investori 
610 2 0 |a analýzy 
610 2 0 |a analýza citlivosti 
100 1 |a Sapara, Ján 
700 1 |a Hvoždarová, Jana 
710 2 |a Fakulta hospodárskej informatiky EU. Katedra účtovníctva